Statistics for Primordial Elements

Click here to take the quiz!

General Stats

  • This quiz has been taken 5 times
  • The average score is 46 of 83

Answer Stats

NumberElement% Correct
18Argon
100%
5Boron
100%
6Carbon
100%
29Copper
100%
9Fluorine
100%
79Gold
100%
2Helium
100%
1Hydrogen
100%
26Iron
100%
36Krypton
100%
3Lithium
100%
12Magnesium
100%
10Neon
100%
7Nitrogen
100%
8Oxygen
100%
19Potassium
100%
47Silver
100%
50Tin
100%
92Uranium
100%
13Aluminium
75%
4Beryllium
75%
20Calcium
75%
82Lead
75%
25Manganese
75%
80Mercury
75%
28Nickel
75%
11Sodium
75%
22Titanium
75%
54Xenon
75%
30Zinc
75%
33Arsenic
50%
56Barium
50%
83Bismuth
50%
35Bromine
50%
55Cesium
50%
17Chlorine
50%
24Chromium
50%
27Cobalt
50%
32Germanium
50%
53Iodine
50%
42Molybdenum
50%
46Palladium
50%
15Phosphorus
50%
78Platinum
50%
34Selenium
50%
14Silicon
50%
38Strontium
50%
16Sulfur
50%
81Thallium
50%
74Tungsten
50%
23Vanadium
50%
40Zirconium
50%
51Antimony
25%
48Cadmium
25%
58Cerium
25%
66Dysprosium
25%
68Erbium
25%
63Europium
25%
64Gadolinium
25%
31Gallium
25%
72Hafnium
25%
67Holmium
25%
49Indium
25%
77Iridium
25%
57Lanthanum
25%
71Lutetium
25%
60Neodymium
25%
41Niobium
25%
76Osmium
25%
59Praseodymium
25%
75Rhenium
25%
45Rhodium
25%
37Rubidium
25%
44Ruthenium
25%
62Samarium
25%
21Scandium
25%
73Tantalum
25%
52Tellurium
25%
65Terbium
25%
90Thorium
25%
69Thulium
25%
70Ytterbium
25%
39Yttrium
25%

Score Distribution

Percentile by Number Answered

Percent of People with Each Score

Your Score History

You have not taken this quiz